| 000 | 01310namaa22003131i 4500 | ||
|---|---|---|---|
| 003 | EG-GICUC | ||
| 005 | 20260416102219.0 | ||
| 008 | 260416s1994 le ||||jr|||| 000 0 ara d | ||
| 040 |
_aEG-GiCUC _bara _cEG-GiCUC _dEG-GiCUC _erda |
||
| 082 | 0 | 4 |
_221 _a251.12 _bH2339 |
| 092 | 0 | 4 |
_221 _a251.12 _bH2339 |
| 099 | _a251.12 H2339 1994 | ||
| 100 | 1 |
_aابن حنبل، عبد الله بن أحمد _eمؤلف. |
|
| 245 | 1 | 2 |
_aالسنة / _cللامام عبد الله بن أحمد بن حنبل ؛ تحقيق خادم السنة المطهرة أبو هاجر محمد السعيد بن بسيونى زغلول |
| 250 | _aالطبعة الثانية | ||
| 264 |
_aبيروت (لبنان) : _bدار الكتب العلمية، _c1994. |
||
| 300 |
_a288 صفحة _b؛ _c24 سم |
||
| 336 |
_2rdacontent _atext |
||
| 337 |
_2rdamedia _aUnmediated |
||
| 338 |
_2rdacarrier _avolume |
||
| 504 | _aيشتمل على ارجاعات ببليوجرافية | ||
| 541 |
_aد. جابر عصفور ؛ _bالقاهرة ؛ _cإهداء ؛ _d2024. |
||
| 600 |
_aابن حنبل، عبد الله بن أحمد _d780-855 ه |
||
| 650 | 1 |
_aالسنة _2qrmak |
|
| 651 | 1 | _2qrmak | |
| 700 | 1 |
_aزغلول، أبو هاجر محمد السعيد بن بسيونى _eمحقق. |
|
| 905 | _aNermeen | ||
| 942 |
_2ddc _n0 _cBK _e21 |
||
| 999 |
_c179517 _d179517 |
||